LEADER 01178nam 2200337Ia 450 001 996395547603316 005 20210104171711.0 035 $a(CKB)3810000000017340 035 $a(EEBO)2240859653 035 $a(OCoLC)ocn690986771e 035 $a(OCoLC)690986771 035 $a(EXLCZ)993810000000017340 100 $a20101209d1648 uy 0 101 0 $alat 135 $aurbn||||a|bb| 200 10$aAd grammaticen ordinariam supplementa quaedam$b[electronic resource] $eArma virumq canit, tenui modulatus avena sylvestrem musam, tityre tu patulae 210 $aLondini $cExcudebat Robertus White$d1648 215 $a95 p 300 $aAttributed to William White. Cf. Wing (2nd ed.). 300 $aImperfect: pages tightly bound with slight loss of text. 300 $aReproduction of original in: British Library. 330 $aeebo-0018 606 $aLatin language$xGrammar$vEarly works to 1800 615 0$aLatin language$xGrammar 700 $aWhite$b William$f1604-1678.$01003109 801 0$bUMI 801 1$bUMI 906 $aBOOK 912 $a996395547603316 996 $aAd grammaticen ordinariam supplementa quaedam$92302816 997 $aUNISA LEADER 04033nam 2200481 450 001 9910811321203321 005 20230808192242.0 010 $a0-309-38132-0 010 $a0-309-38130-4 035 $a(CKB)3710000000620228 035 $a(EBL)4455147 035 $a(MiAaPQ)EBC4455147 035 $a(EXLCZ)993710000000620228 100 $a20160505h20162016 uy| 0 101 0 $aeng 135 $aur|n|---||||| 181 $2rdacontent 182 $2rdamedia 183 $2rdacarrier 200 00$aAppropriate use of advanced technologies of radiation therapy and surgery in oncology $eworkshop summary /$fSharyl J. Nass and Margie Patlak, rapporteurs ; National Cancer Policy Forum, Board on Health Care Services, Institute of Medicine 210 1$aWashington, D.C. :$cThe National Academies Press,$d[2016] 210 4$dİ2016 215 $a1 online resource (111 p.) 300 $aDescription based upon print version of record. 311 $a0-309-38129-0 327 $aIntroduction -- Overview of new technologies -- Evaluation of comparative effectiveness -- Regulatory oversight -- Rapid widespread adoption of new technologies -- Costs of new technologies -- Value of new technologies -- Potential research challenges -- Study designs -- Training and monitoring clinical performance -- Payment models -- Wrap-up -- References -- Appendix A: Statement of task -- Appendix B: Workshop agenda. 330 $a"In recent years, the field of oncology has witnessed a number of technological advances, including more precise radiation therapy and minimally invasive surgical techniques. Three-dimensional (3D), stereotactic, and proton-beam radiation therapy, as well as laparoscopy and robotic surgery, can enhance clinician's ability to treat conditions that were clinically challenging with conventional technologies, and may improve clinical outcomes or reduce treatment-related problems for some patients. Both patients and physicians seek access to these new technologies, which are rapidly being adopted into standard clinical practice. Such demand is often propelled by marketing that portrays the new technologies as the "latest and greatest" treatments available. However, evidence is often lacking to support these claims, and these novel technologies usually come with higher price tags and are often used to treat patients who might have achieved similar benefits from less expensive, conventional treatment. The increased cost of novel treatments without adequate assessment of how they affect patient outcomes is a pressing concern given that inappropriate use of expensive technologies is one of the key factors that threaten the affordability of cancer care in the United States. To explore these issues further, the National Cancer Policy Forum (NCPF) of the Institute of Medicine organized a workshop in July 2015. This is the third NCPF workshop in a series examining the affordability of cancer care. Participants explored clinical benefits and comparative effectiveness of emerging advanced technologies for cancer treatment in radiation therapy and surgery and potential strategies to assess the value and promote optimal use of new technologies in cancer treatment. This report summarizes the presentations and discussions from the workshop"--$cPublisher description. 606 $aRadiotherapy$xData processing 606 $aOncology 615 0$aRadiotherapy$xData processing. 615 0$aOncology. 676 $a616 700 $aNass$b Sharyl J.$0857626 702 $aPatlak$b Margie 712 02$aInstitute of Medicine.$bBoard on Health Care Services.$bNational Cancer Policy Forum, 712 12$aAppropriate Use of Advanced Technologies for Radiation Therapy and Surgery in Oncology (Workshop)$f(2015 :$eWashington, D.C.) 801 0$bMiAaPQ 801 1$bMiAaPQ 801 2$bMiAaPQ 906 $aBOOK 912 $a9910811321203321 996 $aAppropriate use of advanced technologies of radiation therapy and surgery in oncology$94019004 997 $aUNINA